Social science in actual practice : (Record no. 45999)
[ view plain ]
| 000 -LEADER | |
|---|---|
| fixed length control field | 00945nam a2200289 a 4500 |
| 001 - CONTROL NUMBER | |
| control field | 45999 |
| 003 - CONTROL NUMBER IDENTIFIER | |
| rucl marc code | BD-RjUL |
| 005 - DATE AND TIME OF LATEST TRANSACTION | |
| control field | 20211209054108.0 |
| 008 - FIXED-LENGTH DATA ELEMENTS--GENERAL INFORMATION | |
| fixed length control field | 160730s1998 ii a 000 0aeng d |
| 020 ## - INTERNATIONAL STANDARD BOOK NUMBER | |
| International Standard Book Number | 0761992073 (U.S. Hbk.) |
| International Standard Book Number | 0761992081 (U.S. Pbk.) |
| International Standard Book Number | 8170366593 (India Hbk.) |
| International Standard Book Number | 8170366607 (India Pbk.) |
| 035 ## - SYSTEM CONTROL NUMBER | |
| System control number | (BD-RjUL)46117 |
| 040 ## - CATALOGING SOURCE | |
| Original cataloging agency | DLC |
| Transcribing agency | DLC |
| Language of cataloging | eng |
| Modifying agency | BD-RjUL |
| 041 ## - LANGUAGE CODE | |
| Language code of text/sound track or separate title | eng |
| 082 0# - DEWEY DECIMAL CLASSIFICATION NUMBER | |
| Classification number | 300.92 |
| Edition number | 23 |
| Author mark and year | LYS 1998 |
| 100 1# - MAIN ENTRY--PERSONAL NAME | |
| Personal name | Lynton, Rolf P. |
| 9 (RLIN) | 134566 |
| 245 10 - TITLE STATEMENT | |
| Title | Social science in actual practice : |
| Remainder of title | themes on my blue guitar / |
| Statement of responsibility, etc. | Rolf P. Lynton. |
| 260 ## - PUBLICATION, DISTRIBUTION, ETC. (IMPRINT) | |
| Place of publication, distribution, etc. | New Delhi ; |
| -- | London : |
| Name of publisher, distributor, etc. | Sage Publications, |
| -- | Thousand Oaks, |
| Date of publication, distribution, etc. | 1998. |
| 300 ## - PHYSICAL DESCRIPTION | |
| Pagination | 314 p. : |
| Illustrations | ill ; |
| Size | 23 cm. |
| 504 ## - BIBLIOGRAPHY, ETC. NOTE | |
| Bibliography, etc | Includes bibliographical references. |
| 600 10 - SUBJECT ADDED ENTRY--PERSONAL NAME | |
| Personal name | Lynton, Rolf P. |
| 650 #0 - SUBJECT ADDED ENTRY--TOPICAL TERM | |
| Topical term or geographic name as entry element | Social scientists |
| Geographic subdivision | United States |
| General subdivision | Biography. |
| 9 (RLIN) | 140647 |
| Topical term or geographic name as entry element | Social sciences. |
| 9 (RLIN) | 140648 |
| 942 ## - ADDED ENTRY ELEMENTS (KOHA) | |
| Source of classification or shelving scheme | Dewey Decimal Classification |
| Koha item type | Books |
| Lost status | Source of classification or shelving scheme | Damaged status | Not for loan | Collection code | Permanent Location | Current Location | Shelving location | Date acquired | Source of acquisition | Cost, normal purchase price | Total Checkouts | Full call number | Date last seen | Copy number | Koha item type |
|---|---|---|---|---|---|---|---|---|---|---|---|---|---|---|---|
| Dewey Decimal Classification | Non-fiction | Central Library, University of Rajshahi | Central Library, University of Rajshahi | 02/12/2010 | Paragon Enterprise, Dhaka. | 650.00 | 300.92 LYS 1998 | 30/07/2016 | C-2 | Books | |||||
| Dewey Decimal Classification | Non-fiction | Central Library, University of Rajshahi | Central Library, University of Rajshahi | 02/12/2010 | Dhaka paragon enterprises ltd. | 650.00 | 300.92 LYS 1998 | 12/12/2016 | C-3 | Books |